Greek Deity Quiz - Statistics

General Stats
  • This quiz has been taken 27 times
    20 since last reset
  • The average score is 31 of 125
Answer Stats
Answer % Correct
Zeus
100%
Apollo
92%
Athena
92%
Hera
92%
Hermes
92%
Poseidon
92%
Aphrodite
83%
Artemis
83%
Hades
83%
Ares
75%
Demeter
75%
Dionysus
75%
Eros
75%
Hephaestus
75%
Hestia
75%
Gaia
67%
Hypnos
67%
Morpheus
67%
Hecate
58%
Helios
58%
Iris
58%
Persephone
58%
Thanatos
58%
Eos
50%
Nyx
50%
Pan
50%
Rhea
50%
Atlas
42%
Chronos
42%
Eris
42%
Hebe
42%
Nemesis
42%
Nike
42%
Uranus
42%
Cronus
33%
Hemera
33%
Selene
33%
Tyche
33%
Boreas
25%
Clio
25%
Euterpe
25%
Heracles
25%
Melpomene
25%
Oceanus
25%
Tartarus
25%
Terpsichore
25%
Triton
25%
Aeolus
17%
Asclepius
17%
Calliope
17%
Chaos
17%
Erato
17%
Erebus
17%
Eurus
17%
Harmonia
17%
Khione
17%
Notus
17%
Styx
17%
Thalia
17%
Thetis
17%
Urania
17%
Zephyrus
17%
Achelous
8%
Aether
8%
Aristaeus
8%
Astraea
8%
Ate
8%
Attis
8%
Bia
8%
Brizo
8%
Calypso
8%
Ceto
8%
Charon
8%
Clotho
8%
Cybele
8%
Elpis
8%
Enyo
8%
Glaucus
8%
Hymenaios
8%
Maia
8%
Metis
8%
Momus
8%
Peitha
8%
Polyhymnia
8%
Pontus
8%
Priapus
8%
Proteus
8%
Themis
8%
Achelois
0%
Alastor
0%
Alcyone
0%
Alectrona
0%
Amphtrite
0%
Antheia
0%
Aphaea
0%
Atropos
0%
Caerus
0%
Castor
0%
Celaeno
0%
Cerus
0%
Circe
0%
Crios
0%
Dinlas
0%
Doris
0%
Eileithyia
0%
Eireisone
0%
Electra
0%
Hesperus
0%
Hygea
0%
Kotys
0%
Kratos
0%
Lacheses
0%
Mania
0%
Merope
0%
Nerues
0%
Pallas
0%
Pheme
0%
Phosphorus
0%
Plutus
0%
Pollux
0%
Pricus
0%
Sterope
0%
Taygete
0%
Typhon
0%
Zelus
0%
No matching quizzes found
Score Distribution
Percent of People with Each Score
Percentile by Number Answered
Your Score History
You have not taken this quiz since the last reset